<?xml version="1.0" encoding="UTF-8"?>
<record
    xmlns:xsi="http://www.w3.org/2001/XMLSchema-instance"
    xsi:schemaLocation="http://www.loc.gov/MARC21/slim http://www.loc.gov/standards/marcxml/schema/MARC21slim.xsd"
    xmlns="http://www.loc.gov/MARC21/slim">

  <leader>00971nam a2200241 i 4500</leader>
  <controlfield tag="001">48028</controlfield>
  <controlfield tag="003">ES-MaACL</controlfield>
  <controlfield tag="005">20251013234626.0</controlfield>
  <controlfield tag="007">t|</controlfield>
  <controlfield tag="008">981126s1862    be           ||||1| fre d</controlfield>
  <datafield tag="040" ind1=" " ind2=" ">
    <subfield code="a">CAM </subfield>
    <subfield code="b">spa </subfield>
    <subfield code="c">CCPB</subfield>
  </datafield>
  <datafield tag="100" ind1="1" ind2=" ">
    <subfield code="a">Crowe, Joseph Archer, </subfield>
    <subfield code="d">1825-1896</subfield>
    <subfield code="9">41742</subfield>
  </datafield>
  <datafield tag="245" ind1="1" ind2="4">
    <subfield code="a">Les anciens peintres flamands </subfield>
    <subfield code="b">: leur vie et leurs oeuvres / </subfield>
    <subfield code="c">par J. A. Crowe et G. B. Cavalcaselle ; traduit de l'anglais par O. Delepierre ; annot&#xE9; et argument&#xE9; ... par Alex Pinchart et Ch. Ruelens.</subfield>
  </datafield>
  <datafield tag="260" ind1=" " ind2=" ">
    <subfield code="a">Bruxelles : </subfield>
    <subfield code="b">F. Heusner, </subfield>
    <subfield code="c">1862 (</subfield>
    <subfield code="f">Emm. Devroye)</subfield>
  </datafield>
  <datafield tag="300" ind1=" " ind2=" ">
    <subfield code="a">2 t. en 1 v. ; </subfield>
    <subfield code="c">23 cm.</subfield>
  </datafield>
  <datafield tag="650" ind1=" " ind2="4">
    <subfield code="a">Pintores-</subfield>
    <subfield code="z">Pa&#xED;ses Bajos.</subfield>
    <subfield code="9">167376</subfield>
  </datafield>
  <datafield tag="700" ind1="1" ind2=" ">
    <subfield code="a">Cavalcaselle, Giovanni Battista, </subfield>
    <subfield code="d">1820-1897</subfield>
    <subfield code="9">37143</subfield>
  </datafield>
  <datafield tag="700" ind1="1" ind2=" ">
    <subfield code="a">Delepierre, Octave (</subfield>
    <subfield code="d">1802-1879)</subfield>
    <subfield code="9">43368</subfield>
  </datafield>
  <datafield tag="700" ind1="1" ind2=" ">
    <subfield code="a">Pinchart, Alexandre, </subfield>
    <subfield code="d">1823-1884</subfield>
    <subfield code="9">92078</subfield>
  </datafield>
  <datafield tag="700" ind1="1" ind2=" ">
    <subfield code="a">Ruelens, Charles-Louis (</subfield>
    <subfield code="d">1820-1890)</subfield>
    <subfield code="9">100532</subfield>
  </datafield>
  <datafield tag="852" ind1=" " ind2=" ">
    <subfield code="a">ES-MaACL</subfield>
    <subfield code="j">G-8144</subfield>
  </datafield>
  <datafield tag="999" ind1=" " ind2=" ">
    <subfield code="c">48028</subfield>
    <subfield code="d">48028</subfield>
  </datafield>
  <datafield tag="952" ind1=" " ind2=" ">
    <subfield code="0">0</subfield>
    <subfield code="1">0</subfield>
    <subfield code="4">0</subfield>
    <subfield code="7">0</subfield>
    <subfield code="8">LIBXIX</subfield>
    <subfield code="a">ATENEOM</subfield>
    <subfield code="b">ATENEOM</subfield>
    <subfield code="c">SPP3</subfield>
    <subfield code="d">2008-01-17</subfield>
    <subfield code="e">SC</subfield>
    <subfield code="l">0</subfield>
    <subfield code="o">G-8144</subfield>
    <subfield code="p">1050545</subfield>
    <subfield code="r">2023-02-23 00:00:00</subfield>
    <subfield code="w">2023-02-23</subfield>
    <subfield code="y">MONANT</subfield>
  </datafield>
</record>
